00550nam a2200205Ia 4500001000600000003000500006008004100011010001100052040000900063082001800072100001600090245008000106260004300186300001000229440000500239500000500244503000800249650005200257650003500309Z_946CHAP220113s1988 xx 000 0 und d a164022 cCHAP a001.6424 J35y aJamsa, Kris aTurbo Pascal : biblioteca de programas /cpor Kris Jamsa y Steven Nameroff aMéxico, D. F. :bMcGraw-Hill,c1988 a465 p a a aC/E aLenguajes de programación I. Nameroff, Steven aTurbo Pascal (Programación)